000 00604nam a2200169Ia 4500
008 090711s9999 xx 000 0 und d
082 _b9733
100 _aप्रियोळकर अनंत का. (संपा.)
245 _aदमयंतीस्वयंवर
260 _c1959
300 _a108
600 _aप्रियोळकर अनंत का. (संपा.)
630 _aदमयंतीस्वयंवर
700 _aप्रियोळकर अनंत का. (संपा.)
730 _aदमयंतीस्वयंवर
942 _cBOOK
999 _c311740
_d311740